Early contractor involvement (Record no. 115645)

MARC details
000 -LEADER
fixed length control field 01177cam a2200229 4500
001 - CONTROL NUMBER
control field L159047
008 - FIXED-LENGTH DATA ELEMENTS--GENERAL INFORMATION
fixed length control field 061013n2015 000 0 eng u
035 ## - SYSTEM CONTROL NUMBER
System control number (Sirsi) u159047
041 0# - LANGUAGE CODE
Language code of text/sound track or separate title eng
050 04 - LIBRARY OF CONGRESS CALL NUMBER
Classification number 692.8
110 1# - MAIN ENTRY--CORPORATE NAME
Corporate name or jurisdiction name as entry element Institution of Civil Engineers
9 (RLIN) 1402
245 00 - TITLE STATEMENT
Title Early contractor involvement
Medium [electronic resource]
260 ## - PUBLICATION, DISTRIBUTION, ETC.
Place of publication, distribution, etc. London
Name of publisher, distributor, etc. Thomas Telford Ltd
Date of publication, distribution, etc. 2015
300 ## - PHYSICAL DESCRIPTION
Extent eBook
520 ## - SUMMARY, ETC.
Summary, etc. This additional clause should be used along with the NEC3 Engineering and Construction Contract (ECC) Option C and E where early contractor involvement is required. The purpose of this guidance is to assist users understand the additional provisions needed to enable the NEC3 ECC to be used in an early contractor involvement (ECI) approach. This allows the Contractor to be appointed before details of what is to be constructed have been fully developed and priced.
590 ## - LOCAL NOTE (RLIN)
Local note KA
650 24 - SUBJECT ADDED ENTRY--TOPICAL TERM
Topical term or geographic name entry element NEC
651 #4 - SUBJECT ADDED ENTRY--GEOGRAPHIC NAME
Geographic name United Kingdom
Chronological subdivision
690 ## - LOCAL SUBJECT ADDED ENTRY--TOPICAL TERM (OCLC, RLIN)
Topical term or geographic name as entry element BUILT ENVIRONMENT-BUILDING CONTRACT FORMS
856 48 - ELECTRONIC LOCATION AND ACCESS
Uniform Resource Identifier <a href="https://www.neccontract.com/getmedia/ba399179-7e32-42af-8288-a76de9fe0759/NEC_ECC_WEB.pdf.aspx">https://www.neccontract.com/getmedia/ba399179-7e32-42af-8288-a76de9fe0759/NEC_ECC_WEB.pdf.aspx</a>
Public note View this item at www.neccontract.com
942 ## - ADDED ENTRY ELEMENTS (KOHA)
Suppress in OPAC 0
Holdings
Withdrawn status Lost status Source of classification or shelving scheme Damaged status Not for loan Home library Current library Shelving location Date acquired Total Checkouts Full call number Barcode Date last seen Copy number Price effective from Koha item type
    Dewey Decimal Classification     Virtual Virtual Online 16/12/2015   ONLINE PUBLICATION 159047-2001 06/08/2019 1 06/08/2019 Book